书目信息 |
| 题名: |
危重症临床诊疗思维与实践
|
|
| 作者: | 解悍东 著 | |
| 分册: | ||
| 出版信息: | 长春 吉林科学技术出版社 2019.05 |
|
| 页数: | 174页 | |
| 开本: | 21cm | |
| 丛书名: | ||
| 单 册: | ||
| 中图分类: | R459.7 | |
| 科图分类: | ||
| 主题词: | 急性病--ji xing bing--诊疗 , 险症--xian zheng--诊疗 | |
| 电子资源: | ||
| ISBN: | 978-7-5578-3873-7 | |
| 000 | 01045nam0 2200253 450 | |
| 001 | CAL 0120192782865 | |
| 005 | 20230217093111.0 | |
| 010 | @a978-7-5578-3873-7@dCNY42.00 | |
| 100 | @a20190618d2019 em y0chiy0120 ea | |
| 101 | 0 | @achi |
| 102 | @aCN@b220000 | |
| 105 | @ak a 000yy | |
| 106 | @ar | |
| 200 | 1 | @a危重症临床诊疗思维与实践@Awei zhong zheng lin chuang zhen liao si wei yu shi jian@f解悍东著 |
| 210 | @a长春@c吉林科学技术出版社@d2019.05 | |
| 215 | @a174页@d21cm | |
| 320 | @a有书目 (第174页) | |
| 330 | @a本书结合现代危重症医学诊疗的现状及发展趋势, 较为全面的介绍了人体各系统常见危重症的诊治要点, 着重强化了临床实践能力, 同时也简要介绍了近年来危重症诊治领域的新知识、新进展和新技术。希望能使广大临床工作者对相关诊疗知识有初步了解, 进而对疾病的后续诊断和治疗提出合理的建议, 让广大患者得到更为及时且有效的救治。 | |
| 606 | 0 | @a急性病@Aji xing bing@x诊疗 |
| 606 | 0 | @a险症@Axian zheng@x诊疗 |
| 690 | @aR459.7@v5 | |
| 701 | 0 | @a解悍东@Axie han dong@4著 |
| 801 | 0 | @aCN@bBJXHZP@c20230228 |
| 905 | @b1398443-6@dR459.7@e166@f4 | |
| 危重症临床诊疗思维与实践/解悍东著.-长春:吉林科学技术出版社,2019.05 |
| 174页;21cm |
| ISBN 978-7-5578-3873-7:CNY42.00 |
| 本书结合现代危重症医学诊疗的现状及发展趋势, 较为全面的介绍了人体各系统常见危重症的诊治要点, 着重强化了临床实践能力, 同时也简要介绍了近年来危重症诊治领域的新知识、新进展和新技术。希望能使广大临床工作者对相关诊疗知识有初步了解, 进而对疾病的后续诊断和治疗提出合理的建议, 让广大患者得到更为及时且有效的救治。 |
| ● |
| 相关链接 |
|
|
|
|
正题名:危重症临床诊疗思维与实践
索取号:R459.7/166
 
预约/预借
| 序号 | 登录号 | 条形码 | 馆藏地/架位号 | 状态 | 备注 |
| 1 | 1398443 | 213984438 | 第二样本阅览室/ [索取号:R459.7/166] | 在馆 | |
| 2 | 1398444 | 213984447 | 第三借阅区/ [索取号:R459.7/166] | 在馆 | |
| 3 | 1398445 | 213984456 | 第三借阅区/ [索取号:R459.7/166] | 在馆 | |
| 4 | 1398446 | 213984465 | 第三借阅区/ [索取号:R459.7/166] | 在馆 |